| 000 | 00548nam a2200193Ia 4500 | ||
|---|---|---|---|
| 003 | LDD | ||
| 008 | 181029s9999 xx 000 0 und d | ||
| 020 |
_a9788180302640 _c790.00 |
||
| 040 | _cLDD | ||
| 100 | _aAcharya, R. K. | ||
| 245 | 0 |
_aAdvanced inorganic chemistry _cR. K. Acharya |
|
| 260 |
_aNew Delhi _bCampus Books _c2010 |
||
| 300 | _av, 271p. | ||
| 365 | _b790.00 | ||
| 901 |
_a6060 _b25-08-2010 |
||
| 902 |
_aSA/D/160/2010 _b31-08-2010 _cF _dS-A _e54 |
||
| 903 |
_aDiscount-15 _bReqst by : B.I Fojdar |
||
| 942 |
_2ddc _cBK |
||
| 999 |
_c96335 _d96335 |
||